00860nam a2200241Ia 450000500170000000800410001702000150005804100080007310000440008124501150012525000220024030000250026249000280028765000510031565000450036665000390041126400330045033600270048333700330051033800280054304000350057108400120060620220316235619.0121119s2001 ck gr 000 j spa  a95830085080 aspa1 aBergdolt de Walschburger, Ute Elisabeth13aEl tesoro de Tibabuyes by otros mitos y leyendas de nuestra AméricacUte Elisabeth Bergdolt de Walschburger aPrimera edición a128 páginasc21 cm0 aLetras latinoamericanas14aLeyendas indígenas zAmérica Latina 2LEMB14aCuentos populares latinoamericanos2LEMB14aMitología en la literatura2LEMB aBogotábPanamericanac2001 atextobtxt2rdacontent asin mediaciónbn2rdamedia avolumenbnc2rdacarrier aCO-BoRNBPbspaerdacCO-BoRNBP aLM BER7